| 000 | 00332cam a2200121ua 4500 | ||
|---|---|---|---|
| 082 |
_a621.45 _bDAN/WI |
||
| 100 |
_aDaniel Hant, V . _91254 |
||
| 245 | _aWind power: A handbook on wind energy conversion system / | ||
| 250 | _a1 / | ||
| 260 |
_aNew York : _bVan Nostrand Reinhold Company , _c1981. |
||
| 300 | _a610 ; . | ||
| 942 | _cBK | ||
| 999 |
_c6870 _d6870 |
||